Catálogo - Centro de Recursos para el Aprendizaje y la Investigación

Volver al Sitio - CRAI Biblioteca

Cuentos para toda la vida / (Registro nro. 114155)

Detalles MARC
000 -CABECERA
campo de control de longitud fija 01399nam a2200313 4500
001 - NÚMERO DE CONTROL
campo de control 114155
003 - IDENTIFICADOR DEL NÚMERO DE CONTROL
campo de control DR-UNIBE
005 - FECHA Y HORA DE LA ÚLTIMA TRANSACCIÓN
campo de control 20251015154734.0
008 - DATOS DE LONGITUD FIJA--INFORMACIÓN GENERAL
campo de control de longitud fija 251015b2025 dr ||||| |||| 00| 1 spa d
020 ## - NÚMERO INTERNACIONAL ESTÁNDAR DEL LIBRO
Número Internacional Estándar del Libro 9789945525014
040 ## - FUENTE DE LA CATALOGACIÓN
Centro catalogador/agencia de origen BIBLIOTECA UNIBE
Lengua de catalogación spa
Centro/agencia transcriptor BIBLIOTECA UNIBE
Normas de descripción rda
041 ## - CÓDIGO DE LENGUA
Código de lengua del texto/banda sonora o título independiente spa
090 ## - LOCALMENTE ASIGNADO TIPO-LC NÚMERO DE CLASIFICACIÓN (OCLC); NÚMERO DE CLASIFICACIÓN LOCAL (RLIN)
Número de clasificación (OCLC) (R) ; Numero de clasificación, CALL (RLIN) (NR) FBIU-EN CI SA237c
100 10 - ENTRADA PRINCIPAL--NOMBRE DE PERSONA
Nombre de persona Santos, Dulce Elvira de los,
Forma completa/desarrollada del nombre (Santos Mata, Dulce Elvira de los)
Fechas asociadas al nombre 1964-
9 (RLIN) 60846
Término indicativo de función/relación autor
245 10 - MENCIÓN DE TÍTULO
Título Cuentos para toda la vida /
Mención de responsabilidad, etc. Dulce Elvira de los Santos ; coordinación editorial: Clara Dobarro , edición: María del Carmen Vicente ; ilustraciones: Henry Cid ; diseño y diagramación: Elizabeth López Rosario
250 ## - MENCIÓN DE EDICIÓN
Mención de edición Primera edición
260 ## - PUBLICACIÓN, DISTRIBUCIÓN, ETC.
Lugar de publicación, distribución, etc. Santo Domingo :
Nombre del editor, distribuidor, etc. Editora Nacional,
Fecha de publicación, distribución, etc. 2025
300 ## - DESCRIPCIÓN FÍSICA
Extensión 93 páginas :
Otras características físicas ilustraciones a color ;
Dimensiones 14 x 16 cm
500 ## - NOTA GENERAL
Nota general Datos del autor en las solapas, comentario de la obra en la contraportada
653 #7 - TÉRMINO DE INDIZACIÓN--NO CONTROLADO
Término no controlado Cuentos infantiles dominicanos
653 #7 - TÉRMINO DE INDIZACIÓN--NO CONTROLADO
Término no controlado Literatura infantil dominicana
653 #7 - TÉRMINO DE INDIZACIÓN--NO CONTROLADO
Término no controlado Fantasía - Cuentos infantiles dominicanos
700 10 - PUNTO DE ACCESO ADICIONAL--NOMBRE DE PERSONA
Nombre de persona Contreras Núñez, Brunilda Altagracia
9 (RLIN) 8974
Término indicativo de función/relación comentarista
700 #0 - PUNTO DE ACCESO ADICIONAL--NOMBRE DE PERSONA
Nombre de persona Dobarro, Clara
9 (RLIN) 142384
Término indicativo de función/relación coordinador editorial
700 #0 - PUNTO DE ACCESO ADICIONAL--NOMBRE DE PERSONA
Nombre de persona Vicente, María del Carmen
9 (RLIN) 142383
Término indicativo de función/relación editor
700 #0 - PUNTO DE ACCESO ADICIONAL--NOMBRE DE PERSONA
Nombre de persona Cid, Henry
9 (RLIN) 53412
Término indicativo de función/relación ilustrador
700 #0 - PUNTO DE ACCESO ADICIONAL--NOMBRE DE PERSONA
Nombre de persona López Rosario, Elizabeth
9 (RLIN) 191723
Término indicativo de función/relación diseñador
-- diagramador
942 ## - ELEMENTOS DE PUNTO DE ACCESO ADICIONAL (KOHA)
Fuente del sistema de clasificación o colocación Sistema de Clasificación Decimal Dewey
Tipo de ítem Koha Libro (general)
Existencias
Estado de retiro Estado de pérdida Fuente del sistema de clasificación o colocación No para préstamo Código de colección Localización permanente Fecha de adquisición Total de préstamos Signatura topográfica completa Código de barras Fecha visto por última vez Número de copia Precio válido a partir de Tipo de ítem Koha
  Disponible Sistema de Clasificación Decimal Dewey No se presta Fondo Bibliográfico IBBY-UNIBE Biblioteca Central UNIBE 07/08/2025   FBIU-EN CI SA237c FBIU0912 15/10/2025 Ej. 1 15/10/2025 Libro (general)